000 01518pam a2200361 a 4500
999 _c28680
_d28651
001 4397871
003 EG-ScBUE
005 20200908095142.0
008 921207t1992 enka f b 000 0 eng d
020 _a1853962155
020 _a9781853962158
040 _aDLC
_beng
_erda
_cDLC
_dDLC
_dEG-ScBUE
043 _ae-uk---
082 0 0 _a338.6420941
_bSMA
_222
245 0 0 _aSmall enterprise development :
_bpolicy and practice in action /
_cedited by Kevin Caley [and three others]
264 1 _aLondon :
_bPaul Chapman Publishing Ltd,
_c[1992]
264 4 _cc1992
300 _a191 pages :
_billustrations ;
_c25 cm
336 _2rdacontent
_atext
_btxt
337 _2rdamedia
_aunmediated
_bn
338 _2rdacarrier
_avolume
_bnc
500 _a"Published on behalf of UKEMRA."
504 _aIncludes bibliographical references.
650 7 _aSmall business
_xGovernment policy
_zGreat Britain.
_2BUEsh
650 7 _aSmall business
_zGreat Britain
_xManagement.
_2BUEsh
700 1 _aCaley, Kevin,
_d1951-
_eeditor.
711 2 _aNational Small Firms Policy ans Research Conference
_n(14th :
_d1991 :
_cLondon, England?)
856 4 2 _3Publisher description
_uhttp://www.loc.gov/catdir/enhancements/fy0658/92044313-d.html
856 4 1 _3Table of contents only
_uhttp://www.loc.gov/catdir/enhancements/fy0658/92044313-t.html
906 _a7
_bcbc
_corignew
_d1
_eocip
_f19
_gy-gencatlg
942 _2ddc
_cBB